[Event "III Open del Salento A"]
[Site "Gallipoli ITA"]
[Date "2014.05.21"]
[Round "6"]
[White "Zhang, Fan"]
[Black "Hiller, Wieland"]
[WhiteElo "2102"]
[BlackElo "1951"]
[Result "1-0"]
[PlyCount "63"]
[EventDate "2014.05.17"]

1. d4 Nf6 2. Bg5 h6 3. Bxf6 exf6 4. e3 d5 5. c4 Bb4+ 6. Nc3 O-O 7. a3 Bxc3+ 8.
bxc3 dxc4 9. Bxc4 b6 10. Qf3 c6 11. Ne2 Be6 12. Bd3 Qd5 13. Be4 Qc4 14. O-O Bd5
15. Bxd5 Qxd5 16. Qxd5 cxd5 17. Nf4 Rd8 18. Rfc1 Nc6 19. Rab1 Na5 20. Rb5 g5
21. Nxd5 a6 22. Nxf6+ Kg7 23. Rxb6 Nc4 24. Nh5+ Kh7 25. Rb3 Nd2 26. Rb4 a5 27.
Rb5 Rdc8 28. Nf6+ Kg7 29. Nd7 Rc7 30. Nc5 Nc4 31. a4 Rd8 32. Kf1 1-0

[Event "III Open del Salento A"]
[Site "Gallipoli ITA"]
[Date "2014.05.22"]
[Round "7"]
[White "Antoli Royo, Joaquin Miguel"]
[Black "Levin, Felix"]
[WhiteElo "2429"]
[BlackElo "2489"]
[Result "1/2-1/2"]
[PlyCount "32"]
[EventDate "2014.05.17"]

1. e4 e5 2. Nf3 Nc6 3. Bb5 Nf6 4. O-O Nxe4 5. Re1 Nd6 6. Nxe5 Nxe5 7. Rxe5+ Be7
8. Bf1 O-O 9. Nc3 Ne8 10. Nd5 Bd6 11. Re1 c6 12. Ne3 Bc7 13. Nf5 d5 14. Ne7+
Kh8 15. Nxc8 Rxc8 16. d3 Bb6 1/2-1/2

[Event "III Open del Salento A"]
[Site "Gallipoli ITA"]
[Date "2014.05.22"]
[Round "7"]
[White "Ashton, Adam G."]
[Black "Longson, Alexander"]
[WhiteElo "2395"]
[BlackElo "2338"]
[Result "1-0"]
[PlyCount "131"]
[EventDate "2014.05.17"]

1. Nf3 d5 2. g3 Bg4 3. Bg2 Nd7 4. d3 e6 5. O-O Bd6 6. c4 c6 7. cxd5 exd5 8. Nc3
Ngf6 9. h3 Bxf3 10. Bxf3 d4 11. Ne4 Nxe4 12. Bxe4 Nf6 13. Bg2 O-O 14. Qa4 Bc7
15. Bd2 Re8 16. Rfe1 Bb6 17. Qc4 a5 18. a4 Nd5 19. Bxd5 Qxd5 20. Qxd5 cxd5 21.
Rac1 Rac8 22. Kf1 f6 23. b4 axb4 24. Bxb4 Ra8 25. Ra1 Rec8 26. Reb1 Ra7 27. Be1
Bc5 28. Rb5 b6 29. a5 bxa5 30. Rc1 Rac7 31. Bxa5 Rc6 32. Kg2 h5 33. Kf3 Kf7 34.
Rb7+ Kg6 35. Rd7 Bd6 36. Rb1 Bc7 37. Bxc7 R8xc7 38. Rxd5 Rc2 39. Rxd4 Re7 40.
e3 Ra7 41. g4 h4 42. Rg1 Raa2 43. Rg2 Kh6 44. g5+ fxg5 45. Rd5 Ra6 46. Rgxg5 g6
47. Rg4 Rf6+ 48. Ke4 Rcxf2 49. Rxh4+ Kg7 50. Rd7+ Kg8 51. Re7 Ra2 52. Rhh7 Raa6
53. d4 Rfe6+ 54. Kf4 Rf6+ 55. Kg4 Ra1 56. Reg7+ Kf8 57. Rb7 Rg1+ 58. Kh4 Kg8
59. Rhg7+ Kf8 60. Rgc7 Kg8 61. Rc8+ Rf8 62. Rxf8+ Kxf8 63. Rb5 Kg7 64. Rg5 Re1
65. Rg3 Kh6 66. Kg4 1-0

[Event "III Open del Salento A"]
[Site "Gallipoli ITA"]
[Date "2014.05.22"]
[Round "7"]
[White "Blagojevic, Dragisa"]
[Black "Vovk, Andrey"]
[WhiteElo "2518"]
[BlackElo "2622"]
[Result "1/2-1/2"]
[PlyCount "23"]
[EventDate "2014.05.17"]

1. d4 Nf6 2. c4 g6 3. Nf3 Bg7 4. g3 O-O 5. Bg2 d6 6. O-O Nc6 7. Nc3 a6 8. e4 e5
9. d5 Ne7 10. Ne1 b5 11. cxb5 axb5 12. Nc2 1/2-1/2

[Event "III Open del Salento A"]
[Site "Gallipoli ITA"]
[Date "2014.05.22"]
[Round "7"]
[White "Delfino, Luigi"]
[Black "Zhang, Fan"]
[WhiteElo "2212"]
[BlackElo "2102"]
[Result "1-0"]
[PlyCount "45"]
[EventDate "2014.05.17"]

1. e4 e6 2. d4 d5 3. Nd2 c5 4. c3 Nc6 5. Ngf3 cxd4 6. cxd4 dxe4 7. Nxe4 Nf6 8.
Bd3 Nb4 9. Bb1 Be7 10. Nc3 O-O 11. O-O b6 12. Re1 Bb7 13. a3 Nbd5 14. Qd3 h6
15. Ne5 Nxc3 16. bxc3 Qd5 17. Qh3 Rfc8 18. Ba2 Qd6 19. Nxf7 Kxf7 20. Rxe6 Qb8
21. Bf4 Rc7 22. Bxc7 Qc8 23. Rae1 1-0

[Event "III Open del Salento A"]
[Site "Gallipoli ITA"]
[Date "2014.05.22"]
[Round "7"]
[White "Fasiello, Andrea"]
[Black "Callier, Christophe"]
[WhiteElo "1968"]
[BlackElo "2077"]
[Result "1-0"]
[PlyCount "83"]
[EventDate "2014.05.17"]

1. e4 d5 2. exd5 Qxd5 3. Nc3 Qd6 4. Nf3 Nf6 5. Be2 Bf5 6. O-O a6 7. Re1 Nc6 8.
d3 O-O-O 9. a3 e5 10. Ng5 Qd7 11. Bf3 h6 12. Bxc6 bxc6 13. Nge4 Nxe4 14. Nxe4
Bg6 15. Be3 Bxe4 16. dxe4 Qxd1 17. Raxd1 Rxd1 18. Rxd1 Be7 19. Kf1 Rd8 20.
Rxd8+ Kxd8 21. Ke2 c5 22. Kd3 Kd7 23. Kc4 Kc6 24. a4 h5 25. c3 a5 26. Bd2 g6
27. Be3 f5 28. f3 f4 29. Bf2 h4 30. h3 g5 31. Be1 Bd8 32. b4 cxb4 33. cxb4 axb4
34. Bxb4 Bf6 35. Bc5 Bd8 36. Bf8 Kb6 37. Bg7 Ka5 38. Kb3 Kb6 39. Bxe5 Kc5 40.
Kc3 c6 41. Bd4+ Kd6 42. Kc4 1-0

[Event "III Open del Salento A"]
[Site "Gallipoli ITA"]
[Date "2014.05.22"]
[Round "7"]
[White "Hegarty, Sarah N."]
[Black "Di Fonzo, Valerio"]
[WhiteElo "2100"]
[BlackElo "2156"]
[Result "0-1"]
[PlyCount "42"]
[EventDate "2014.05.17"]

1. e4 e5 2. Nf3 Nc6 3. Bc4 Bc5 4. c3 Nf6 5. d3 d6 6. Bb3 a6 7. h3 Ba7 8. Nbd2
O-O 9. Nf1 Ne7 10. g4 Be6 11. Bc2 Nd7 12. d4 exd4 13. cxd4 d5 14. e5 f6 15.
exf6 Nxf6 16. Ng5 Qd7 17. Qd3 g6 18. Be3 Nc6 19. a3 Ne4 20. Nxe6 Qxe6 21. Nd2
Nxf2 0-1

[Event "III Open del Salento A"]
[Site "Gallipoli ITA"]
[Date "2014.05.22"]
[Round "7"]
[White "Hiller, Wieland"]
[Black "Livesey, R. Nigel"]
[WhiteElo "1951"]
[BlackElo "1898"]
[Result "1/2-1/2"]
[PlyCount "25"]
[EventDate "2014.05.17"]

1. e4 e6 2. d4 d5 3. Nd2 Nc6 4. c3 e5 5. exd5 Qxd5 6. Qf3 Nf6 7. Qxd5 Nxd5 8.
dxe5 Nxe5 9. Ngf3 Ng6 10. g3 Bf5 11. Nd4 Bd7 12. Bg2 c6 13. O-O 1/2-1/2

[Event "III Open del Salento A"]
[Site "Gallipoli ITA"]
[Date "2014.05.22"]
[Round "7"]
[White "Ledger, Andrew J."]
[Black "D'Amore, Carlo"]
[WhiteElo "2392"]
[BlackElo "2493"]
[Result "0-1"]
[PlyCount "86"]
[EventDate "2014.05.17"]

1. d4 d5 2. c4 c6 3. Nc3 Nf6 4. e3 a6 5. Nf3 Bf5 6. cxd5 cxd5 7. Qb3 Bc8 8. Ne5
e6 9. Bd3 Bd6 10. f4 b5 11. O-O O-O 12. Bd2 Bb7 13. Rfc1 Ne4 14. Qc2 Nxd2 15.
Qxd2 Nd7 16. a4 b4 17. Ne2 a5 18. Bb5 Nf6 19. Ng3 h5 20. Qe2 g6 21. Bd3 Kg7 22.
Rf1 Rc8 23. Qf3 h4 24. Ne2 Rh8 25. Rad1 Rc7 26. g4 Qe8 27. b3 Ne4 28. g5 Qc8
29. Qg2 Ba6 30. Rc1 Bxd3 31. Nxd3 Nd2 32. Rxc7 Bxc7 33. Rc1 Nxb3 34. Rc2 Qa6
35. Nxb4 axb4 36. Rxc7 Rc8 37. Rxc8 Qxc8 38. e4 Qc4 39. f5 gxf5 40. exf5 Nxd4
41. f6+ Kh7 42. Nf4 Qc1+ 43. Qf1 Qxf4 0-1

[Event "III Open del Salento A"]
[Site "Gallipoli ITA"]
[Date "2014.05.22"]
[Round "7"]
[White "Ledger, David J."]
[Black "Naumkin, Igor"]
[WhiteElo "2224"]
[BlackElo "2430"]
[Result "1-0"]
[PlyCount "61"]
[EventDate "2014.05.17"]

1. e4 e5 2. Nf3 Nc6 3. Bc4 Bc5 4. d3 Nf6 5. c3 a6 6. O-O Ba7 7. Bb3 O-O 8. Be3
d6 9. Nbd2 Ne7 10. Bxa7 Rxa7 11. Nh4 Ng6 12. Nxg6 hxg6 13. f4 exf4 14. Rxf4 d5
15. exd5 Nxd5 16. Rd4 c6 17. Qf3 Be6 18. Ne4 Qe7 19. Qg3 f6 20. Re1 b6 21. Nd2
Re8 22. Rde4 Qd7 23. Nc4 Raa8 24. Nxb6 Qa7 25. Rxe6 Qxb6+ 26. d4 Rxe6 27. Rxe6
Rd8 28. Qxg6 Qb7 29. Re8+ Rxe8 30. Qxe8+ Kh7 31. Bc2+ 1-0

[Event "III Open del Salento A"]
[Site "Gallipoli ITA"]
[Date "2014.05.22"]
[Round "7"]
[White "Nelson, Jonathan P."]
[Black "Lyell, Mark"]
[WhiteElo "2228"]
[BlackElo "2228"]
[Result "1-0"]
[PlyCount "82"]
[EventDate "2014.05.17"]

1. e4 c6 2. d4 d5 3. Nc3 dxe4 4. Nxe4 Nf6 5. Nxf6+ gxf6 6. c3 Bf5 7. Nf3 e6 8.
g3 Bg7 9. Bg2 Nd7 10. Nh4 Bg6 11. O-O O-O 12. Be3 Qa5 13. a4 Rfd8 14. b4 Qc7
15. Nxg6 hxg6 16. Qb3 a5 17. bxa5 Rxa5 18. Rfb1 b6 19. Qc4 Rc8 20. Qb3 f5 21.
Bf4 e5 22. dxe5 Bxe5 23. Bxe5 Rxe5 24. Bf1 Rce8 25. Bc4 Nc5 26. Qb4 f4 27. Bf1
fxg3 28. hxg3 Nd7 29. Qf4 Qd8 30. Rd1 Qe7 31. Rab1 Nf6 32. Qd4 Ne4 33. Bg2 c5
34. Qe3 Qf6 35. f4 R5e6 36. Rbc1 Nd6 37. Rxd6 Rxe3 38. Rxf6 Rxg3 39. Kf2 Rd3
40. Rc2 Rb8 41. Bf1 Rd7 1-0

[Event "III Open del Salento A"]
[Site "Gallipoli ITA"]
[Date "2014.05.22"]
[Round "7"]
[White "Nepi, Ezio"]
[Black "Walton, Alan J."]
[WhiteElo "1966"]
[BlackElo "2118"]
[Result "0-1"]
[PlyCount "44"]
[EventDate "2014.05.17"]

1. d4 d5 2. c4 c6 3. Nf3 e6 4. Qc2 Nf6 5. g3 Bd6 6. Bg2 O-O 7. O-O Nbd7 8. Nbd2
Re8 9. b3 e5 10. dxe5 Nxe5 11. Nxe5 Bxe5 12. Bb2 Bxb2 13. Qxb2 Rxe2 14. cxd5
Nxd5 15. Be4 Nf6 16. Rfd1 Qb6 17. Rf1 Nxe4 18. Qe5 Nxg3 19. Qf4 Nxf1 20. Nc4
Qd8 21. Kxf1 Qd3 22. Ne5 Rxe5+ 0-1

[Event "III Open del Salento A"]
[Site "Gallipoli ITA"]
[Date "2014.05.22"]
[Round "7"]
[White "O'Driscoll, Kieran"]
[Black "Bongartz, Philipp"]
[WhiteElo "2119"]
[BlackElo "2173"]
[Result "1/2-1/2"]
[PlyCount "103"]
[EventDate "2014.05.17"]

1. d4 d5 2. c4 c6 3. Nf3 e6 4. Nc3 dxc4 5. a4 Bb4 6. e3 b5 7. Be2 Bb7 8. O-O a6
9. Qc2 Be7 10. e4 Nf6 11. e5 Nd5 12. Ne4 h6 13. Bd2 Nd7 14. Rfc1 c5 15. axb5
axb5 16. Rxa8 Qxa8 17. Nxc5 Bxc5 18. dxc5 Nxc5 19. Nd4 Ba6 20. b3 Nxb3 21. Nxb3
cxb3 22. Qxb3 O-O 23. Bxb5 Rb8 24. Bc6 Rxb3 25. Bxa8 Bb7 26. Bxb7 Rxb7 27. g3
Kh7 28. Rc2 Kg6 29. f4 Kf5 30. Kf2 g5 31. fxg5 hxg5 32. h3 g4 33. hxg4+ Kxg4
34. Bc1 Rb3 35. Rc4+ Kf5 36. Bf4 Rb7 37. Kf3 Nxf4 38. gxf4 Rb3+ 39. Kf2 Kg4 40.
Ke2 Rh3 41. Ra4 Rh2+ 42. Ke3 Rh3+ 43. Ke2 Rh2+ 44. Ke3 Kg3 45. Ra8 Rh4 46. Rg8+
Rg4 47. Rxg4+ Kxg4 48. Ke4 Kg3 49. f5 Kg4 50. fxe6 fxe6 51. Ke3 Kf5 52. Kf3
1/2-1/2

[Event "III Open del Salento A"]
[Site "Gallipoli ITA"]
[Date "2014.05.22"]
[Round "7"]
[White "Pizzuto, Samuele Tullio"]
[Black "Bernabei, Alberto"]
[WhiteElo "2062"]
[BlackElo "1932"]
[Result "1-0"]
[PlyCount "143"]
[EventDate "2014.05.17"]

1. d4 f5 2. g4 fxg4 3. h3 g3 4. fxg3 Nf6 5. Nc3 d5 6. Bg2 g6 7. Bf4 Bg7 8. Qd2
O-O 9. O-O-O Be6 10. Nf3 c6 11. Bh6 Nbd7 12. Bxg7 Kxg7 13. Ng5 Bg8 14. Qe3 Nb6
15. Ne6+ Bxe6 16. Qxe6 Qd6 17. Qxd6 exd6 18. e4 dxe4 19. Nxe4 Nxe4 20. Bxe4
Rae8 21. Rde1 Re7 22. Bd3 Rfe8 23. Reg1 Rf8 24. h4 h6 25. h5 g5 26. Re1 Rfe8
27. Ref1 Re3 28. Rh2 Re1+ 29. Rxe1 Rxe1+ 30. Kd2 Re7 31. Rf2 Nd5 32. Bg6 Nf6
33. Rf3 b6 34. b4 Nd5 35. a3 Nf6 36. c4 c5 37. Kd3 Ng4 38. Bf5 Nf6 39. g4 Re1
40. Kd2 Re7 41. dxc5 dxc5 42. Rd3 Rc7 43. Kc3 Re7 44. Kd2 Rc7 45. b5 Re7 46. a4
Re8 47. a5 bxa5 48. Ra3 Ne4+ 49. Kc2 Nd6 50. Rxa5 Nxf5 51. gxf5 Re7 52. Ra6 Rf7
53. Rg6+ Kf8 54. Rxh6 Rxf5 55. Rh7 Rf7 56. Rh8+ Kg7 57. Rc8 Kh6 58. Rxc5 Kxh5
59. Rd5 Kh4 60. Rd8 g4 61. Rh8+ Kg3 62. c5 Kf3 63. Rg8 g3 64. Kc3 g2 65. c6 Kf2
66. Kc4 g1=Q 67. Rxg1 Kxg1 68. Kc5 Rf5+ 69. Kd6 Rf2 70. c7 Rd2+ 71. Kc6 Rc2+
72. Kb7 1-0

[Event "III Open del Salento A"]
[Site "Gallipoli ITA"]
[Date "2014.05.22"]
[Round "7"]
[White "Richardt, Mike"]
[Black "Inguscio, Giorgio"]
[WhiteElo "1974"]
[BlackElo "1957"]
[Result "1-0"]
[PlyCount "47"]
[EventDate "2014.05.17"]

1. d4 b6 2. e4 Bb7 3. Bd3 Nf6 4. Qe2 Nc6 5. Nf3 Nb4 6. O-O Nxd3 7. cxd3 e6 8.
Nc3 Be7 9. Be3 O-O 10. Nd2 c5 11. f4 h5 12. h3 g6 13. dxc5 bxc5 14. f5 exf5 15.
exf5 d5 16. Bh6 Re8 17. fxg6 fxg6 18. Qe6+ Kh7 19. Bf4 Rf8 20. Rae1 Ng8 21. Be5
Qb6 22. Rf7+ Rxf7 23. Qxf7+ Kh6 24. Bg7+ 1-0

[Event "III Open del Salento A"]
[Site "Gallipoli ITA"]
[Date "2014.05.22"]
[Round "7"]
[White "Rudolf, Anna"]
[Black "Paolillo, Gaia"]
[WhiteElo "2292"]
[BlackElo "1914"]
[Result "1-0"]
[PlyCount "71"]
[EventDate "2014.05.17"]

1. Nf3 Nf6 2. d4 g6 3. g3 Bg7 4. Bg2 O-O 5. O-O d5 6. Nbd2 Nbd7 7. b3 c5 8. Bb2
Re8 9. e3 b6 10. Ne5 Bb7 11. f4 e6 12. g4 Nxe5 13. fxe5 Nd7 14. Rf2 f6 15. Nc4
Ba6 16. dxc5 bxc5 17. Bxd5 exd5 18. Qxd5+ Kh8 19. Nd6 Rf8 20. exf6 Nxf6 21.
Nf7+ Kg8 22. Qxd8 Rfxd8 23. Bxf6 Rf8 24. Bxg7 Rxf7 25. Bh6 Rd8 26. c4 Rxf2 27.
Kxf2 Rd2+ 28. Kg3 Bb7 29. Rf1 Rd8 30. Rf6 Re8 31. a3 Be4 32. b4 Bd3 33. bxc5
Bxc4 34. c6 Bf7 35. c7 Rc8 36. Rd6 1-0

[Event "III Open del Salento A"]
[Site "Gallipoli ITA"]
[Date "2014.05.22"]
[Round "7"]
[White "Sansonetti, Giorgio"]
[Black "Ledger, Stephen C."]
[WhiteElo "2019"]
[BlackElo "2077"]
[Result "0-1"]
[PlyCount "111"]
[EventDate "2014.05.17"]

1. d4 Nf6 2. Nc3 d5 3. Bg5 Nbd7 4. e3 e6 5. f4 c5 6. Nf3 Qa5 7. Nd2 cxd4 8. Nb3
Qb6 9. exd4 Bb4 10. Bd3 h6 11. Bh4 Ne4 12. Bxe4 dxe4 13. Qg4 O-O 14. O-O f5 15.
Qh3 Nf6 16. Nd1 Bd7 17. Ne3 Rac8 18. Rf2 Nd5 19. Nxd5 exd5 20. c3 Bd6 21. Re1
a5 22. Nd2 Qc7 23. g3 b5 24. Nf1 b4 25. cxb4 Bxb4 26. Rd1 Ba4 27. b3 Bd7 28.
Ne3 Be6 29. g4 fxg4 30. Nxg4 Qd7 31. Rg2 Kh7 32. Qg3 Rc3 33. Ne3 Qf7 34. f5
Bxf5 35. Rf1 g6 36. Qf4 Bd6 37. Qxd6 Rxe3 38. Bg3 Rf3 39. Rc1 Bh3 40. Qc7 Bxg2
41. Kxg2 Qxc7 42. Rxc7+ R8f7 43. Rc5 R3f5 44. Rxa5 g5 45. Rc5 h5 46. Rc2 h4 47.
Be1 Rf3 48. h3 Rd3 49. b4 Rxd4 50. b5 e3 51. b6 Ra4 52. Rc7 Rxa2+ 53. Kg1 Rxc7
54. bxc7 Rc2 55. Ba5 Kg6 56. Kf1 0-1

[Event "III Open del Salento A"]
[Site "Gallipoli ITA"]
[Date "2014.05.23"]
[Round "8"]
[White "Blagojevic, Dragisa"]
[Black "Antoli Royo, Joaquin Miguel"]
[WhiteElo "2518"]
[BlackElo "2429"]
[Result "1-0"]
[PlyCount "137"]
[EventDate "2014.05.17"]

1. d4 Nf6 2. c4 g6 3. Nf3 Bg7 4. g3 c5 5. Bg2 O-O 6. Nc3 cxd4 7. Nxd4 Qc7 8.
Nd5 Nxd5 9. cxd5 Qa5+ 10. Bd2 Qb6 11. Bc3 d6 12. O-O Bd7 13. Qd2 Na6 14. Rfc1
Rac8 15. e3 Qd8 16. Rc2 Rc7 17. Rac1 Qb8 18. b3 Rcc8 19. a4 Nc5 20. Rb1 a6 21.
Rcc1 Qa7 22. a5 Rc7 23. Qd1 Rfc8 24. Be1 Qb8 25. Rc4 Bf6 26. Rbc1 Bg7 27. h3
Bf6 28. Kh2 Bg7 29. Bf3 h5 30. Kg2 Bf6 31. Kh2 Be5 32. Kg2 Bf6 33. h4 Bg7 34.
Be2 Bh8 35. Kg1 Bg7 36. Kh2 Bh8 37. Kh1 Bg7 38. Kg2 Bh8 39. R1c2 Bg7 40. Bf3
Bf6 41. Kg1 Bg7 42. Ra2 Be8 43. Be2 Nd7 44. Rac2 Nf6 45. Bf3 Rxc4 46. Rxc4 Bd7
47. Qc2 Ng4 48. Be2 Nf6 49. Rxc8+ Qxc8 50. Qxc8+ Bxc8 51. Bc4 Ne4 52. Ne2 Bd7
53. f3 Nf6 54. Kf2 Ne8 55. Bc3 Nc7 56. Bxg7 Kxg7 57. Nc3 e6 58. dxe6 fxe6 59.
e4 Bc6 60. Ke3 Kf6 61. Kd4 g5 62. f4 gxh4 63. gxh4 Be8 64. Bd3 Ke7 65. e5 d5
66. Kc5 Kd7 67. f5 exf5 68. Bxf5+ Ke7 69. Nxd5+ 1-0

[Event "III Open del Salento A"]
[Site "Gallipoli ITA"]
[Date "2014.05.23"]
[Round "8"]
[White "Bongartz, Philipp"]
[Black "Rudolf, Anna"]
[WhiteElo "2173"]
[BlackElo "2292"]
[Result "0-1"]
[PlyCount "60"]
[EventDate "2014.05.17"]

1. e4 e6 2. b3 d5 3. Bb2 dxe4 4. Nc3 Nf6 5. Qe2 Nc6 6. O-O-O Be7 7. h3 O-O 8.
g4 a5 9. Bg2 a4 10. Nxa4 Nb4 11. a3 Nbd5 12. Bxe4 Nxe4 13. Qxe4 Bd7 14. Ne2
Bxa4 15. bxa4 Qd7 16. Nc3 Nxc3 17. dxc3 Qxa4 18. Rd4 Qa5 19. a4 b5 20. axb5
Qxb5 21. c4 Qb4 22. Rd3 Bf6 23. Rb3 Qc5 24. f4 Ra4 25. Bxf6 gxf6 26. Rf1 Rd8
27. Kb2 Rxc4 28. Qe2 Rcd4 29. Qe3 Qc4 30. f5 Qxf1 0-1

[Event "III Open del Salento A"]
[Site "Gallipoli ITA"]
[Date "2014.05.23"]
[Round "8"]
[White "Callier, Christophe"]
[Black "Hiller, Wieland"]
[WhiteElo "2077"]
[BlackElo "1951"]
[Result "1-0"]
[PlyCount "111"]
[EventDate "2014.05.17"]

1. e4 c5 2. Nf3 e6 3. d4 cxd4 4. Nxd4 a6 5. f4 Qc7 6. Be3 Nf6 7. Nd2 Be7 8. Bd3
d6 9. O-O O-O 10. g4 Nc6 11. g5 Nd7 12. Qh5 g6 13. Qh6 Re8 14. f5 Bf8 15. fxg6
fxg6 16. Qh4 Nde5 17. Rf2 Bg7 18. Nxc6 bxc6 19. Raf1 Bb7 20. Nc4 Rf8 21. Rxf8+
Rxf8 22. Rxf8+ Bxf8 23. Nxe5 dxe5 24. Bc4 Qd7 25. Qg4 Bc8 26. h4 Qf7 27. Kg2
Bg7 28. Bc5 Qd7 29. Be3 Bf8 30. h5 Qf7 31. h6 Bd6 32. c3 Qd7 33. b4 Be7 34. a4
Kf8 35. a5 c5 36. bxc5 Qc6 37. Qf3+ Ke8 38. Bd3 Qa4 39. Qg3 Qxa5 40. Qxe5 Qa2+
41. Kg3 Qa1 42. Qc7 Qe1+ 43. Bf2 Qd2 44. Qxc8+ Kf7 45. Qd7 Qxg5+ 46. Kf3 Qh5+
47. Kg2 Qg5+ 48. Kf1 Qd2 49. c6 Qd1+ 50. Kg2 Qg4+ 51. Bg3 Qd1 52. c7 Qd2+ 53.
Kf3 Qd1+ 54. Ke3 Qc1+ 55. Ke2 Qb2+ 56. Kf3 1-0

[Event "III Open del Salento A"]
[Site "Gallipoli ITA"]
[Date "2014.05.23"]
[Round "8"]
[White "D'Amore, Carlo"]
[Black "Naumkin, Igor"]
[WhiteElo "2493"]
[BlackElo "2430"]
[Result "1/2-1/2"]
[PlyCount "94"]
[EventDate "2014.05.17"]

1. e4 e6 2. d4 d5 3. Nd2 Nc6 4. Ngf3 Nf6 5. e5 Nd7 6. Bd3 Nb4 7. Be2 c5 8. c3
Nc6 9. Nf1 cxd4 10. cxd4 f6 11. exf6 Nxf6 12. Ng3 Bd6 13. O-O O-O 14. Bd3 e5
15. dxe5 Nxe5 16. Nxe5 Bxe5 17. h3 Qd6 18. Qb3 Bxh3 19. gxh3 Bxg3 20. Bxh7+
Kxh7 21. fxg3 Rae8 22. Bf4 Qd7 23. Qd3+ Kh8 24. g4 Re4 25. Bg5 Nh7 26. Rxf8+
Nxf8 27. Be3 Ng6 28. Rf1 Ne5 29. Rf8+ Kh7 30. Qc2 Ng6 31. Rf5 Qe6 32. Bf2 d4
33. Qc7 Ne7 34. Rh5+ Kg6 35. Qd8 Qc6 36. Kh2 Kf7 37. Rh8 Ke6 38. Kg3 Qd7 39.
Qxd7+ Kxd7 40. Kf3 d3 41. Be3 Rc4 42. Rh5 b6 43. Re5 Rc2 44. Bg5 Nc6 45. Re3
Rxb2 46. Rxd3+ Ke6 47. Bf4 Ne5+ 1/2-1/2

[Event "III Open del Salento A"]
[Site "Gallipoli ITA"]
[Date "2014.05.23"]
[Round "8"]
[White "Di Fonzo, Valerio"]
[Black "Delfino, Luigi"]
[WhiteElo "2156"]
[BlackElo "2212"]
[Result "1/2-1/2"]
[PlyCount "71"]
[EventDate "2014.05.17"]

1. e4 g6 2. d4 Bg7 3. Nc3 c5 4. d5 d6 5. Nf3 Nf6 6. Be2 O-O 7. O-O Na6 8. h3
Nc7 9. Re1 Rb8 10. a4 b6 11. Bf4 Nd7 12. Bf1 Bb7 13. Qd2 a6 14. e5 dxe5 15.
Nxe5 Nxe5 16. Bxe5 Bxe5 17. Rxe5 Qd6 18. Rae1 e6 19. Qh6 Bxd5 20. Rh5 Rfd8 21.
Qxh7+ Kf8 22. Nxd5 Nxd5 23. Rhe5 b5 24. axb5 axb5 25. Bd3 Ne7 26. R5e3 Qd4 27.
Rf3 Qg7 28. Qxg7+ Kxg7 29. Ra1 Nc6 30. Re3 Nb4 31. Ra7 Nxd3 32. cxd3 Ra8 33.
Rb7 Rdb8 34. Rc7 Rc8 35. Rb7 Rab8 36. Ra7 1/2-1/2

[Event "III Open del Salento A"]
[Site "Gallipoli ITA"]
[Date "2014.05.23"]
[Round "8"]
[White "Fasiello, Andrea"]
[Black "Ledger, Andrew J."]
[WhiteElo "1968"]
[BlackElo "2392"]
[Result "0-1"]
[PlyCount "94"]
[EventDate "2014.05.17"]

1. e4 c6 2. d4 d5 3. Nc3 dxe4 4. Nxe4 Bf5 5. Ng3 Bg6 6. Nh3 e6 7. Nf4 Bd6 8. h4
Qc7 9. Nxg6 hxg6 10. Ne4 Bf4 11. g3 Bxc1 12. Qxc1 Nd7 13. Qe3 Ndf6 14. Nxf6+
Nxf6 15. Bg2 O-O-O 16. O-O-O Rd7 17. Rd3 Rhd8 18. Rhd1 Qb6 19. Bf3 Nd5 20. Bxd5
Rxd5 21. R1d2 Qa6 22. Ra3 Ra5 23. Rxa5 Qxa5 24. a3 Qd5 25. c3 Rd7 26. Qe5 f6
27. Qxd5 Rxd5 28. f4 Rf5 29. Re2 Kd7 30. Kd2 a5 31. a4 Kd6 32. Re4 Rh5 33. Kd3
Rh8 34. Re1 b6 35. Rb1 g5 36. fxg5 fxg5 37. Rg1 Rh5 38. Rg2 e5 39. dxe5+ Kxe5
40. hxg5 Rxg5 41. Ke3 c5 42. b3 c4 43. bxc4 Rg4 44. Kd3 Kd6 45. Rg1 Kc5 46. Rg2
Rxc4 47. Ra2 Rg4 0-1

[Event "III Open del Salento A"]
[Site "Gallipoli ITA"]
[Date "2014.05.23"]
[Round "8"]
[White "Inguscio, Giorgio"]
[Black "Bernabei, Alberto"]
[WhiteElo "1957"]
[BlackElo "1932"]
[Result "1-0"]
[PlyCount "37"]
[EventDate "2014.05.17"]

1. d4 d5 2. c4 e6 3. cxd5 exd5 4. Nc3 c6 5. Qc2 g6 6. Bf4 Bf5 7. Qb3 Qb6 8.
Qxb6 axb6 9. Nf3 Nd7 10. h3 h5 11. g3 O-O-O 12. Bg2 Bg7 13. Rc1 Ne7 14. Nb5 Nb8
15. Nd6+ Rxd6 16. Bxd6 Kd7 17. Bf4 Be4 18. e3 f6 19. O-O 1-0

[Event "III Open del Salento A"]
[Site "Gallipoli ITA"]
[Date "2014.05.23"]
[Round "8"]
[White "Ledger, Stephen C."]
[Black "Hegarty, Sarah N."]
[WhiteElo "2077"]
[BlackElo "2100"]
[Result "1-0"]
[PlyCount "143"]
[EventDate "2014.05.17"]

1. d4 d5 2. Nf3 Nf6 3. Bg5 Ne4 4. Bf4 c5 5. e3 Qb6 6. Qc1 Nc6 7. c3 cxd4 8.
exd4 Bg4 9. Nbd2 Rc8 10. Nxe4 Bxf3 11. gxf3 dxe4 12. Qd2 exf3 13. Bh3 Rd8 14.
O-O-O Qa5 15. Kb1 Qh5 16. Bf1 e5 17. Bb5 Qf5+ 18. Qc2 Qxf4 19. d5 Qf6 20. dxc6
bxc6 21. Qa4 Rc8 22. Qxa7 Qf5+ 23. Bd3 Qe6 24. Ba6 Qf5+ 25. Ka1 Be7 26. Bxc8
Qxc8 27. Rhe1 Bf6 28. Qc5 Qc7 29. Rd3 h5 30. Rxf3 Rh6 31. c4 Rg6 32. Ra3 Be7
33. Ra8+ Kd7 34. Qe3 Ke6 35. f4 f6 36. fxe5 fxe5 37. Ra7 Qb8 38. Ra5 Bf6 39.
Qh3+ Ke7 40. Ra3 Rg5 41. Rb3 Qa7 42. a3 Qd7 43. Qe3 Kf7 44. Rd3 Qe6 45. c5 e4
46. Rb3 Qd5 47. Rb7+ Kg8 48. Qxe4 Qxe4 49. Rxe4 Rxc5 50. Re8+ Kh7 51. Re6 Kg6
52. Rb6 Ra5 53. Ka2 c5 54. Ra6 Rb5 55. Reb6 Rxb6 56. Rxb6 Kf7 57. a4 Bd4 58. a5
c4 59. Rc6 g5 60. Rxc4 Bg1 61. h3 Ke6 62. a6 Kd6 63. b3 Bb6 64. Kb2 Bf2 65. Kc2
Bb6 66. Kd3 Bf2 67. Ke4 g4 68. hxg4 hxg4 69. b4 Kd7 70. b5 Kd6 71. Kf4 g3 72.
Kf3 1-0

[Event "III Open del Salento A"]
[Site "Gallipoli ITA"]
[Date "2014.05.23"]
[Round "8"]
[White "Levin, Felix"]
[Black "Ashton, Adam G."]
[WhiteElo "2489"]
[BlackElo "2395"]
[Result "1-0"]
[PlyCount "95"]
[EventDate "2014.05.17"]

1. d4 d5 2. c4 e6 3. Nc3 c6 4. e3 Nf6 5. Nf3 Nbd7 6. Qc2 Bd6 7. Bd3 dxc4 8.
Bxc4 b5 9. Be2 Bb7 10. O-O O-O 11. e4 e5 12. dxe5 Nxe5 13. Nd4 Neg4 14. g3 Bc5
15. Nf5 Re8 16. Bf4 b4 17. Bxg4 Nxg4 18. Na4 Bf8 19. Nc5 Bc8 20. Rad1 Qa5 21.
Nd6 Bxd6 22. Bxd6 Ne5 23. Kg2 Nd7 24. Nd3 c5 25. Nxc5 Nxc5 26. Qxc5 Qxa2 27.
Qxb4 Qe6 28. f3 a5 29. Qd4 a4 30. g4 Ba6 31. Rf2 Bc4 32. Bb4 Bb3 33. Rdd2 f6
34. Qd7 Rac8 35. Qxe6+ Bxe6 36. h4 Red8 37. Kg3 Kf7 38. Ba3 Rxd2 39. Rxd2 h5
40. gxh5 Rh8 41. Rd4 Ra8 42. Rb4 Ra7 43. Rb8 Bb3 44. f4 Ke6 45. Re8+ Kf7 46.
Rd8 Ke6 47. f5+ Ke5 48. Bc5 1-0

[Event "III Open del Salento A"]
[Site "Gallipoli ITA"]
[Date "2014.05.23"]
[Round "8"]
[White "Livesey, R. Nigel"]
[Black "Nepi, Ezio"]
[WhiteElo "1898"]
[BlackElo "1966"]
[Result "0-1"]
[PlyCount "78"]
[EventDate "2014.05.17"]

1. c4 c6 2. Nf3 Nf6 3. g3 d5 4. Qc2 d4 5. e3 c5 6. exd4 cxd4 7. d3 e5 8. Bg2
Bd6 9. O-O O-O 10. b4 Nc6 11. a3 Re8 12. Nbd2 Bf5 13. Ng5 Rc8 14. Nge4 b5 15.
c5 Bf8 16. Nxf6+ Qxf6 17. Ne4 Qd8 18. f4 g6 19. fxe5 Nxe5 20. Bg5 Be7 21. Bxe7
Qxe7 22. Rxf5 gxf5 23. Re1 fxe4 24. Rxe4 Qd8 25. Rf4 Ng6 26. Rg4 h5 27. Re4
Rxe4 28. Bxe4 Qg5 29. Kh1 h4 30. gxh4 Nxh4 31. Qf2 Qc1+ 32. Qg1+ Qxg1+ 33. Kxg1
f5 34. Bb7 Rc7 35. c6 Nf3+ 36. Kg2 Ne5 37. Ba6 Rxc6 38. Bxb5 Rc3 39. Kf1 Rxa3
0-1